Decisiones de inversión en condiciones de incertidumbre (Registro nro. 17466)

Detalles MARC
000 -LEADER
fixed length control field 00381 a2200121 4500
001 - CONTROL NUMBER
control field ART_2511
005 - DATE AND TIME OF LATEST TRANSACTION
control field 20260410161727.0
008 - FIXED-LENGTH DATA ELEMENTS--GENERAL INFORMATION
fixed length control field 260409a
100 1# - MAIN ENTRY--PERSONAL NAME
Personal name Mao, James C.T.
245 10 - TITLE STATEMENT
Title Decisiones de inversión en condiciones de incertidumbre
700 1# - ADDED ENTRY--PERSONAL NAME
Personal name Helliwell, John F.
773 0# - HOST ITEM ENTRY
Title Administración de empresas
Related parts - Año 4, Nº 45 (dic. 1973)
Record control number REV2036

No hay ítems disponibles.